Tepotzotlán arte y color en México = Tepotzotlan kunst un farbe in Mexik (Record no. 7748)

MARC details
000 -CABECERA
campo de control de longitud fija 01151nam a2200301 a 4500
001 - NÚMERO DE CONTROL
campo de control BRCA_8080
005 - FECHA Y HORA DE LA ÚLTIMA TRANSACCIÓN
campo de control 20190320210125.0
008 - DATOS DE LONGITUD FIJA--INFORMACIÓN GENERAL
campo de control de longitud fija 030414s1940----mx-a###f##---#000-0#spa-#
041 ## - CÓDIGO DE LENGUA
Código de lengua del texto/banda sonora o título independiente spa
044 ## - CÓDIGO DEL PAÍS DE LA ENTIDAD EDITORA/PRODUCTORA
Código MARC del país mx
050 #4 - SIGNATURA TOPOGRÁFICA DE LA BIBLIOTECA DEL CONGRESO
Número de clasificación F1391
Número de documento/Ítem .W38 1940
100 1# - ENTRADA PRINCIPAL--NOMBRE DE PERSONA
Nombre de persona Wuthenau, Alexander von
9 (RLIN) 17413
245 10 - MENCIÓN DE TÍTULO
Título Tepotzotlán arte y color en México = Tepotzotlan kunst un farbe in Mexik
Mención de responsabilidad, etc. Alexander von Wuthenau ; fotografías a color de Berthold von Stetten ; ilustraciones y grabados en blanco y negro por Rachelle von Wuthenau.
260 ## - PUBLICACIÓN, DISTRIBUCIÓN, ETC.
Lugar de publicación, distribución, etc. México
Nombre del editor, distribuidor, etc. Stetten Fotocolor
Fecha de publicación, distribución, etc. 1940
300 ## - DESCRIPCIÓN FÍSICA
Extensión iv, 13 p.
Otras características físicas il. (algunas a color) 16 láminas
Dimensiones 36 cm.
440 #0 - MENCIÓN DE SERIE/PUNTO DE ACCESO ADICIONAL--TÍTULO
Título Arte y color en México
Designación de volumen o secuencia 1
9 (RLIN) 20082
500 ## - NOTA GENERAL
Nota general Ejemplar igual al Núm. de Sist. 6999
500 ## - NOTA GENERAL
Nota general Y112
546 ## - NOTA DE LENGUA/LENGUAJE
Nota de lengua/lenguaje Texto en: español y alemán
650 14 - PUNTO DE ACCESO ADICIONAL DE MATERIA--TÉRMINO DE MATERIA
Término de materia o nombre geográfico como elemento de entrada Arte
Subdivisión geográfica Tepotzotlán, México (Estado)
9 (RLIN) 17415
650 14 - PUNTO DE ACCESO ADICIONAL DE MATERIA--TÉRMINO DE MATERIA
Término de materia o nombre geográfico como elemento de entrada Arte colonial
9 (RLIN) 7904
650 14 - PUNTO DE ACCESO ADICIONAL DE MATERIA--TÉRMINO DE MATERIA
Término de materia o nombre geográfico como elemento de entrada Conventos y monasterios
Subdivisión geográfica México
9 (RLIN) 9892
651 #4 - PUNTO DE ACCESO ADICIONAL DE MATERIA--NOMBRE GEOGRÁFICO
Nombre geográfico Tepotzotlán, México (Estado)
Subdivisión general Descripción
9 (RLIN) 17416
700 1# - PUNTO DE ACCESO ADICIONAL--NOMBRE DE PERSONA
Nombre de persona Stetten, Berthold von
9 (RLIN) 17417
700 1# - PUNTO DE ACCESO ADICIONAL--NOMBRE DE PERSONA
Nombre de persona Wuthenau, Rachelle von
9 (RLIN) 17418
902 ## - CATALOGADOR
Iniciales GFM
942 ## - ELEMENTOS DE PUNTO DE ACCESO ADICIONAL (KOHA)
Fuente del sistema de clasificación o colocación Library of Congress Classification
Tipo de ítem Koha Libros
Holdings
Estado de retiro Estado de pérdida Estado dañado No para préstamo Localización permanente Ubicación/localización actual Fecha de adquisición Número de inventario Total de préstamos Signatura topográfica completa Código de barras Fecha visto por última vez Precio válido a partir de Tipo de ítem Koha
El ejemplar forma parte de la colección y puede ser consultado según las políticas vigentes.       Biblioteca del Museo Franz Mayer (Rogerio Casas-Alatriste) Biblioteca del Museo Franz Mayer (Rogerio Casas-Alatriste) 03/04/2014 Y112   F1391 .W38 1940 (Y112) 8704 22/03/2019 22/03/2019 Libros